000 00488nam a2200121Ia 4500
008 160712s9999 xx 000 0 und d
100 _aMelendres, Rhayan G.
245 _cRhayan G. Melendres
_aHow old is the Babo Balukbuk Site? The Use of Tradeware Ceramics and Radiocarbon Dating in Identifying the Age of Porac, Pampanga, Philippines
260 _c2014
_bHukay
300 _avol. 19
650 _xARCHAEOLOGY
856 _uhttp://journals.upd.edu.ph/index.php/asp/issue/view/455/showToc
999 _c297148
_d297148